000
00310nam a22001337a 4500
020
_a
9781419721212
040
_c
nust
082
_a
951
_b
CHI
100
_a
Bardoe, Cheryl
_9
122897
245
_a
China A History
260
_a
New York:
_b
Abrams,
_c
2018.
650
_a
China A History
_9
122898
942
_2
ddc
_c
BK
999
_c
609284
_d
609284